000 00540nam a22001937a 4500
005 20251108164712.0
008 250721s1978 xx 000 0 ara d
082 1 4 _a415/في
100 1 _aدارغوث، رشاد
245 1 0 _aفي قواعد اللغة العربية /
250 _aط2.
264 1 _aبيروت :
_bدار العلم للملايين،
_c1978.
300 _a301ص
650 1 7 _aاللغة العربية
650 1 7 _aقواعد اللغة
650 1 7 _aعلم الصرف
942 _2ddc
_cBK
999 _c12228
_d12228